000 00859nam a2200205 a 4500
001 000024234
005 20260302100709.0
008 110125s2010 dr ab 000 0 spa d
040 _aDO-SdBNP
_bspa
_cBNPHU
082 _a923.2
_bB674u
245 0 0 _aUn día especial en mi vida :
_bpalabras pronunciadas por Fernando Álvarez Bogaert al ser investido Doctor Honoris Causa, por la Universidad Tecnológica de Santiago.
260 _aMao, República Dominicana :
_bUTESA,
_c2010.
300 _a30 p. :
_bil., retrs. ;
_c22 cm.
504 _aIncluye bibliografía y notas al pie de páginas.
590 _aInventariado, 2020/BT
600 1 0 _aÁlvarez Bogaert, Fernando,
_d1941-
_96927
650 4 _aEconomistas dominicanos
_949762
710 2 _aUniversidad Tecnológica de Santiago (República Dominicana)
_920448
910 _aValidado. Control de la calidad EMS
999 _c23728
_d23728